000
00257nam a2200109Ia 4500
008
220204s9999 xx 000 0 und d
082
_a
657.6
_b
WAL
100
_a
Walley, B H
245
0
_a
Effective auditing
260
_a
London
_b
Macmillan
_c
1974
942
_c
BK
999
_c
31782
_d
31782